Robinson Crusoe
Zapisane w:
| 1. autor: | |
|---|---|
| Format: | Książka |
| Język: | angielski |
| Wydane: |
Nueva York
New American Library
1980
|
| Seria: | Signet classic, 2236
|
| Hasła przedmiotowe: | |
| Etykiety: |
Dodaj etykietę
Nie ma etykietki, Dołącz pierwszą etykiete!
|
MARC
| LEADER | 00000nam a2200000 a 4500 | ||
|---|---|---|---|
| 001 | UCX0383 | ||
| 003 | CL-VaPUC | ||
| 008 | 891010e19800000US |||||||||||||||||eng|d | ||
| 082 | 0 | 4 | |a 823 |b DEF |2 21 |
| 100 | 0 | |a Defoe, Daniel |e author |9 315789 | |
| 245 | 1 | 0 | |a Robinson Crusoe |
| 300 | |a 316 p | ||
| 942 | |c BK | ||
| 945 | |d 19891010 00:00:00 | ||
| 260 | |a Nueva York |b New American Library |c 1980 | ||
| 650 | 0 | |a Novelas inglesas |9 265220 | |
| 583 | |a last modification |c 19891010 00:00:00 |k Rodrigo Vera | ||
| 490 | 0 | |a Signet classic, 2236 | |
| 999 | |c 221995 |d 221993 | ||
| 952 | |0 0 |1 0 |4 0 |6 823_000000000000000_DEF_1980 |7 0 |8 A |9 216135 |a BIBHIS |b BIBHIS |d 2019-11-15 |i 2847329 |l 1 |o 823 DEF 1980 |p 2847329 |r 2025-01-20 |s 2023-09-08 |w 2019-11-15 |y BK |k HIS | ||